000 01154nam1a22002771i 4500
001 rc\3366675
005 20260407085210.0
021 _aRU
_b[69-84875]
021 _aRU
_b[69-78353]
035 _a(NLR Aleph) 007543989
090 _a9779789
_c9779789
100 _a20130115d1969 |||y0rusy50 ca
101 0 _arus
102 _aRU
105 _ay z |||||
200 1 _aИстория европейского искусствознания. Вторая половина XIX в. - начало XX в. [1871-1917]
_eВ 2 кн.
_f[Отв. ред. Б.Р. Виппер и Т.Н. Ливанова]
_gАН СССР. Ин-т истории искусств М-ва культуры СССР. Кн. 1-2
210 _aМосква
_cНаука
_d1969
215 _a2 т.
_d24
606 _aИскусствоведение в Европе
_z19-20 вв.
_2psbo
702 1 _aЛиванова
_bТ.Н.
_4340
702 1 _aВиппер
_bБ.Р.
_gБорис Робертович
_4340
712 0 2 _aВНИИ искусствознания
_9299201
_3RU\NLR\AUTH\8813113
801 0 _aRU
_bNLR
_gpsbo
801 1 _aRU
_bELAR
_2rusmarc
852 _aNLR
_j69-7/1932
942 _cBOOK